Quality and performance excellence:Management, Organization, and Strategy. / (Record no. 2945)

MARC details
000 -LEADER
fixed length control field 01139nam a22001697a 4500
008 - FIXED-LENGTH DATA ELEMENTS--GENERAL INFORMATION
fixed length control field 140604b xxu||||| |||| 00| 0 eng d
020 ## - INTERNATIONAL STANDARD BOOK NUMBER
International Standard Book Number 9780320324381320
050 ## - LIBRARY OF CONGRESS CALL NUMBER
Classification number HD62.15.D4
100 ## - MAIN ENTRY--PERSONAL NAME
Personal name Evans,James R.
245 ## - TITLE STATEMENT
Title Quality and performance excellence:Management, Organization, and Strategy. /
Statement of responsibility, etc. James R.Evans.
250 ## - EDITION STATEMENT
Edition statement 5th ed.
260 ## - PUBLICATION, DISTRIBUTION, ETC.
Place of publication, distribution, etc. Australia:
Name of publisher, distributor, etc. Thomson,
Date of publication, distribution, etc. 2008.
300 ## - PHYSICAL DESCRIPTION
Extent x,502p.:
Other physical details ill;
Dimensions 23cm.
500 ## - GENERAL NOTE
General note Includes index.
505 ## - FORMATTED CONTENTS NOTE
Formatted contents note Contents:-- Foundations of Quality and Performance Excellence:Introduction to quality and Performance excellence:Frameworks for organizational quality: performance Excellence,Competitive Advantage,Strategic Management -- Performance Excellence and Organizational Theory: Quality in the Customer -Supplier relationships: Designing organizations for Performance excellence: Tools and Techniques for performance excellence -- Performance Excellence and Organizational Behavior: Quality Teamwork: Engagement,Empowerment,and Motivation -- Leadership and Implementation: Leadership for Performance excellence: Performance excellence and Organizational change.
942 ## - ADDED ENTRY ELEMENTS (KOHA)
Source of classification or shelving scheme Library of Congress Classification
Koha item type Books
Holdings
Withdrawn status Lost status Source of classification or shelving scheme Damaged status Not for loan Home library Current library Shelving location Date acquired Total Checkouts Full call number Barcode Date last seen Copy number Price effective from Koha item type
    Library of Congress Classification     WISCONSIN INTERNATIONAL UNIVERSITY COLLEGE, GHANA - MAIN LIBRARY WISCONSIN INTERNATIONAL UNIVERSITY COLLEGE, GHANA - MAIN LIBRARY Reference 04/06/2014   HD62.15.D4 7537/565/13 04/06/2014 1 04/06/2014 Books

If you have any concerns or questions; kindly contact the library


© Powered by WIUC ICT DIRECTORATE